Catholic University of Zimbabwe Library
Online Public Access Catalogue
(OPAC)

Abécédaire du Web (Record no. 24335)

MARC details
000 -LEADER
fixed length control field 01859cam a22004334a 4500
001 - CONTROL NUMBER
control field muse28284
003 - CONTROL NUMBER IDENTIFIER
control field MdBmJHUP
005 - DATE AND TIME OF LATEST TRANSACTION
control field 20210127151024.0
006 - FIXED-LENGTH DATA ELEMENTS--ADDITIONAL MATERIAL CHARACTERISTICS
fixed length control field m o d
007 - PHYSICAL DESCRIPTION FIXED FIELD--GENERAL INFORMATION
fixed length control field cr||||||||nn|n
008 - FIXED-LENGTH DATA ELEMENTS--GENERAL INFORMATION
fixed length control field 130920r20132012quc o 00 0 fre d
020 ## - INTERNATIONAL STANDARD BOOK NUMBER
International Standard Book Number 9782760535374
035 ## - SYSTEM CONTROL NUMBER
System control number (OCoLC)868219121
040 ## - CATALOGING SOURCE
Original cataloging agency MdBmJHUP
Transcribing agency MdBmJHUP
050 #4 - LIBRARY OF CONGRESS CALL NUMBER
Classification number N72.T4
Item number L232 2012
082 0# - DEWEY DECIMAL CLASSIFICATION NUMBER
Classification number 700.1/05
Edition number 22
100 1# - MAIN ENTRY--PERSONAL NAME
Personal name Lalonde, Joanne,
Dates associated with a name 1960-
Relator term author.
245 10 - TITLE STATEMENT
Title Abécédaire du Web
Remainder of title 26 concepts pour comprendre la création sur Internet /
Statement of responsibility, etc. Joanne Lalonde.
264 #1 - PRODUCTION, PUBLICATION, DISTRIBUTION, MANUFACTURE, AND COPYRIGHT NOTICE
Name of producer, publisher, distributor, manufacturer Project Muse,
264 #3 - PRODUCTION, PUBLICATION, DISTRIBUTION, MANUFACTURE, AND COPYRIGHT NOTICE
Name of producer, publisher, distributor, manufacturer Project MUSE,
300 ## - PHYSICAL DESCRIPTION
Extent 1 online resource (135 pages.)
500 ## - GENERAL NOTE
General note Issued as part of book collections on Project MUSE.
506 0# - RESTRICTIONS ON ACCESS NOTE
Terms governing access Open Access
Standardized terminology for access restriction Unrestricted online access
Source of term star
520 ## - SUMMARY, ETC.
Summary, etc. "Ce livre presente un repertoire de vingt-six concepts qui decrivent de mani·re synthetique les enjeux theoriques et critiques autour de la creation hypermediatique, plus specifiquement les oeuvres artistiques et litteraires conʹues pour une diffusion sur Internet. Il accompagne une exposition virtuelle du même nom, produite et diffusee par le Laboratoire NT2 de l'UQAM."
588 ## - SOURCE OF DESCRIPTION NOTE
Source of description note Description based on print version record.
650 #0 - SUBJECT ADDED ENTRY--TOPICAL TERM
Topical term or geographic name entry element Digital art.
650 #0 - SUBJECT ADDED ENTRY--TOPICAL TERM
Topical term or geographic name entry element Art and technology.
655 #0 - INDEX TERM--GENRE/FORM
Genre/form data or focus term Electronic books.
655 #7 - INDEX TERM--GENRE/FORM
Genre/form data or focus term Electronic books.
Source of term local
710 2# - ADDED ENTRY--CORPORATE NAME
Corporate name or jurisdiction name as entry element Project Muse,
Relator term distributor.
710 2# - ADDED ENTRY--CORPORATE NAME
Corporate name or jurisdiction name as entry element Project Muse.
Relator term distributor
830 #0 - SERIES ADDED ENTRY--UNIFORM TITLE
Uniform title Book collections on Project MUSE.
856 40 - ELECTRONIC LOCATION AND ACCESS
Public note Full text available:
Uniform Resource Identifier <a href="https://muse.jhu.edu/book/23221/">https://muse.jhu.edu/book/23221/</a>
945 ## - LOCAL PROCESSING INFORMATION (OCLC)
a Project MUSE - 2012 Complete Supplement II
Holdings
Withdrawn status Lost status Source of classification or shelving scheme Damaged status Not for loan Home library Current library Shelving location Date acquired Total Checkouts Full call number Date last seen Uniform Resource Identifier Price effective from Koha item type
          Digital Library Digital Library Online Access 27.01.2021   N72.T4 L232 2012 27.01.2021 https://muse.jhu.edu/book/23221/ 27.01.2021 eBook

OPENING HOURS

Weekdays: 0815hrs - 1800hrs
Weekends:0900hrs - 1200hrs

Closed for Mass:

Mon, Thur: 1200hrs - 1300hrs
Sunday & Public Holiday’s

CALL SUPPORT

0242-570570, 0242-570169
09200664, +263 8644140602

LOCATION

18443, Cranborne Avenue, Hatfield, Harare

Other Links


©2021 | CUZ Library